Statistics for Fairy Tail Character Name Quiz

Click here to take the quiz!

General Stats

  • This quiz has been taken 8,390 times
  • The average score is 46 of 201

Answer Stats

Characters% Correct
Natsu
99%
Lucy
99%
Erza
96%
Gray
96%
Happy
93%
Wendy
88%
Gajeel
82%
Charle
82%
Mira
80%
Laxus
79%
Juvia
77%
Elfman
77%
Levy
71%
Makarov
70%
Jellal
69%
Loki
68%
Cana
68%
Eve
66%
Lisanna
66%
Sting
65%
Freed
61%
Zeref
58%
Evergreen
58%
Rogue
56%
Pantherlily
55%
Ur
54%
Gildarts
53%
Bixlow
51%
Jet
51%
Romeo
49%
Aquarius
48%
Urtear
46%
Droy
45%
Lyon
44%
Aries
42%
Virgo
42%
Igneel
42%
Mystogan
41%
Cobra
40%
Cancer
39%
Macao
39%
Minerva
39%
Gemini
38%
Taurus
38%
Angel
38%
Scorpio
37%
Midnight
36%
Bisca
36%
Yukino
36%
Meredy
34%
Capricorn
34%
Libra
34%
Hades
33%
Frosch
33%
Brain/Zero
32%
Kagura
32%
Wakaba
32%
Lector
32%
Max
32%
Ichiya
32%
Hibiki
32%
Sherry
31%
Jura
30%
Ren
30%
Alzack
29%
Pisces
28%
Gran
28%
Racer
25%
Sagittarius
25%
Doranbolt
24%
Laki
24%
Warren
24%
Plue
23%
Simon
23%
Nab
22%
Ivan
22%
Kinana
22%
Jenny
22%
Hoteye
21%
Grandine
20%
Metalicana
20%
Millianna
20%
Rufus
20%
Reedus
20%
Flare
20%
Chelia
19%
Org
19%
Toby
17%
Jose
17%
Bacchus
16%
Layla
16%
Wally
15%
Zancrow
15%
Aria
15%
Nichiya
15%
Sol
14%
Porlyusica
14%
Asuka
14%
Yuka
14%
Orga
13%
Coco
13%
Jude
13%
Karen
12%
Vijeeter
12%
Sho
12%
Erigor
11%
Michelle
11%
Horologium
11%
Sugarboy
11%
Goldmine
10%
Mari
10%
Azuma
10%
Ooba
10%
Beth
10%
Jiemma
10%
Totomaru
10%
Lyra
10%
Crux
9%
Rustyrose
9%
Rob
9%
Lahar
9%
Bluenote
8%
Yajima
8%
Obra
8%
Deliora
8%
Weisslogia
7%
Kain
7%
Warcry
7%
Risley
7%
Skiadrum
6%
Samuel
6%
Nallpudding
6%
Sue
6%
Byro
6%
Faust
6%
Hughes
6%
Dan
6%
Arana
6%
Rocker
6%
Boze
5%
Kageyama
5%
Dobengal
5%
Kurohebi
5%
Ophiuchus
5%
Lucky
5%
Arcadios
4%
Semmes
4%
Jager
4%
Nobarly
4%
Jason
4%
Bobo
4%
Lullaby
4%
Zoldeo
4%
Zirconis
4%
Nico
4%
Pyxis
4%
Caelum
4%
Cubellios
4%
Ikaruga
4%
Klodoa
4%
Shagotte
4%
Moka
3%
Serena
3%
Daphne
3%
Mato
3%
Nadi
3%
Everlue
3%
Yomazu
3%
Banaboster
3%
Kawazu
3%
Thibault
3%
Fukuro
3%
Belno
3%
Michello
3%
Roubaul
3%
Momon
2%
Eclair
2%
Gato
2%
Chapati
2%
Karacka
2%
Dyst
2%
Chase
2%
Cannon
2%
Coordinator
2%
Leiji
2%
Nadal
2%
Lulu
2%
Vidaldus
2%
Zato
2%
Lapointe
2%
Gutman
2%
Darton
2%
Kaby
2%
Hilda
2%
Jean-Luc
2%
Velveno
2%
Angelica
2%
Cream
2%
Rabian
1%
Kanaloa
1%
Kalard
1%

Score Distribution

Percentile by Number Answered

Percent of People with Each Score

Your Score History

You have not taken this quiz